Duchowné Jaderko, Sladkostí Modliteb ku rozličným ročitým swiatkám a príhodám ; ... a k jiným Swatým, z rozličných knich wzatých a zepsaných pro osobu mužsku i žensku

Bibliographic Details
Format: Book
Language:Slovak
PhysicalDescription:343 s. ilustr. 18 cm
Published: W Baňské Bystrici Nákladom Filipa Macholda 1864
Edition:[1. vyd.]
Subjects:

MARC

LEADER 00000cam a2200000 a 4500
001 vtls008611671
003 SK-MaSNL
005 20260301225258.0
008 180810s1864 xo g 000 0 slo
020 |q (viaz.) 
035 |a SAVUKc205938 
040 |a SNK  |b slo  |c SNK  |e AACR2 
041 0 |a slo 
044 |a xo  |c SK 
072 7 |a 27-5  |x Kresťanské umenie a symbolika. Duchovný život  |2 konspekt 
080 |a 2-534.035  |2 2001 
080 |a 27-532.1/.4  |2 2001 
080 |a (035)  |2 2001 
245 0 0 |a Duchowné Jaderko, Sladkostí Modliteb ku rozličným ročitým swiatkám a príhodám ; ... a k jiným Swatým, z rozličných knich wzatých a zepsaných  |b pro osobu mužsku i žensku 
250 |a [1. vyd.] 
260 |a W Baňské Bystrici  |b Nákladom Filipa Macholda  |c 1864  |e W Baňské Bystrici  |f Tlačom Filipa Macholda 
300 |a 343 s.  |b ilustr.  |c 18 cm 
500 |a Poškodený dokument 
650 0 7 |a modlitby  |2 SNKPH  |9 1743 
650 0 7 |a pobožnosti  |2 SNKPH  |9 74904 
655 7 |a príručky  |2 SNKPH  |9 74364 
958 |a ONDV 
999 |c 950321  |d 952251 
952 |a SNK  |b SNK  |y PREZ  |7 0  |p 17A0555262  |o snkSD 76669  |i snk2007/16032  |8 3  |g 282.15  |0 0  |1 0  |4 0  |d 2007-06-26  |l 0  |r 2025-11-25 00:00:00  |w 2026-02-24